Les meilleurs buteurs de l'histoire du FC Nantes - Statistiques

Statistiques générales
  • Ce quiz a été pris 67 fois
  • Le résultat moyen est 4 sur 10
Statistiques - réponses
Buts Nationalité Joueur % Correct
87 Tchad Japhet N'Doram
63%
95 France Henri Michel
60%
127 France Philippe Gondet
58%
83 France Nicolas Ouédec
54%
112 Bosnie-Herzégovine Vahid Halilhodzic
52%
112 France Loïc Amisse
35%
122 France Bernard Blanchet
31%
100 France Éric Pécout
25%
96 France Jacky Simon
23%
111 France Gilles Rampillon
12%
Aucun quiz correspondant
Distribution des résultats
% des personnes avec chaque résultat
Percentile par nombre de réponses
Votre historique - résultats
Vous n’avez pas pris ce quiz